UM Logo

Announcements and call / (Record no. 23328)

MARC details
000 -LEADER
fixed length control field 00505nam a22001577a 4500
003 - CONTROL NUMBER IDENTIFIER
control field OSt
005 - DATE AND TIME OF LATEST TRANSACTION
control field 20250117121701.0
008 - FIXED-LENGTH DATA ELEMENTS--GENERAL INFORMATION
fixed length control field 250117b |||||||| |||| 00| 0 eng d
040 ## - CATALOGING SOURCE
Transcribing agency 0
082 ## - DEWEY DECIMAL CLASSIFICATION NUMBER
Classification number DPer 910.46 In821 April-May 2019 vol. 78-79
245 ## - TITLE STATEMENT
Title Announcements and call /
260 ## - PUBLICATION, DISTRIBUTION, ETC. (IMPRINT)
Place of publication, distribution, etc. USA;
Name of publisher, distributor, etc. National Council of Teachers of English,
Date of publication, distribution, etc. 2021.
300 ## - PHYSICAL DESCRIPTION
Extent volume 72, pages 643-654.
500 ## - GENERAL NOTE
General note College Composition & Communication, vol. 72, no. 4, pages 643-654, June 2021.
942 ## - ADDED ENTRY ELEMENTS (KOHA)
Source of classification or shelving scheme Dewey Decimal Classification
Koha item type Periodicals
Holdings
Withdrawn status Lost status Source of classification or shelving scheme Damaged status Not for loan Collection code Home library Current library Date acquired Total Checkouts Full call number Date last seen Price effective from Koha item type Public note
    Dewey Decimal Classification     Periodicals UM Digos College - LIC UM Digos College - LIC 01/17/2025   DPer 910.46 In821 April-May 2019 vol. 78-79 01/17/2025 01/17/2025 Periodicals Periodical Article